| 000 | 01309nam a2200349 c 4500 | ||
|---|---|---|---|
| 003 | BLK | ||
| 005 | 20250711133446.0 | ||
| 008 | 180412b bul|||||r ||||||| ||bul|| | ||
| 010 | _aKNG00008082000 | ||
| 040 | _aBLK | ||
| 041 |
_aBUL _cBUL |
||
| 080 |
_aАмериканска литература (на САЩ) _b821.111(73) _x-312.4 _z821.111(73)-312.4 |
||
| 100 | 1 |
_aКланси, Том _eпърви автор _979533 |
|
| 700 | 1 |
_aПетков, Петко _eпрев. от англ. _9363350 |
|
| 139 |
_aКланси, Том _bК 63 |
||
| 245 | 1 | 0 |
_aБезпощадно _bРоман : Кн. 1 - 2 _cТом Кланси; прев. от англ. Петко Петков. _nКн. 1 |
| 257 | _aUSA | ||
| 260 |
_аСофия _bАтика _c1995 |
||
| 300 | _c20 см | ||
| 380 | _aX | ||
| 490 | 1 | _aПоредица Международни бестселъри Crime mysteri | |
| 500 | _aОриг. загл. Without Remorse / Tom Clancy. - Офс. изд. | ||
| 653 | _aтрилъри | ||
| 653 | _aромани | ||
| 760 | 1 |
_aКланси, Том _d1995 _h352 с. _n10 200 тир. _tКн. 1 |
|
| 852 | _aЦб 182994 | ||
| 856 | 4 |
_qpdf _u |
|
| 856 | 4 |
_qpdf _u |
|
| 942 |
_cKNG _n0 _015 |
||
| 944 |
_aCR _c15.01.2003 _k30575 _lМартин Енчев |
||
| 944 |
_aED _c10.02.2011 _k |
||
| 999 |
_c6820 _d6820 |
||